| 000 | 01047nam a2200241 i 4500 | ||
|---|---|---|---|
| 001 | 184013 | ||
| 003 | ES-MaACL | ||
| 005 | 20250814220415.0 | ||
| 008 | 150220s1996 sp fh |||| | spa d | ||
| 020 | _a84-920047-2-X | ||
| 080 | _a946.018.4"11/13"(093) | ||
| 245 | 0 | 0 |
_aPrivilegios Reales de la villa de Benavente _b: (siglos XII-XIV) / _cPascual Martínez Sopena, Vidal Aguado Seisdedos, Rafael González Rodríguez. |
| 260 |
_aBenavente : _bCentro de estudios Benaventanos "Ledo del Pozo" : _bCírculo de Benavente, _c1996. |
||
| 300 |
_a103 p., [21] p. de lám. ; _c35 cm. |
||
| 651 | 4 |
_aBenavente- _xHistoria. _9156156 |
|
| 700 | 1 |
_aMartínez Sopena, Pascual. _9156385 |
|
| 700 | 1 |
_aAguado Seisdedos, Vidal. _9156386 |
|
| 700 | 1 |
_aGonzález Rodríguez, Rafael, _d1964- _9156145 |
|
| 710 | 2 |
_aCentro de Estudios Benaventanos "Ledo del Pozo" _9144530 |
|
| 710 | 2 |
_aCírculo de Benavente. _9156387 |
|
| 852 |
_aES-MaACL _jB-464 _z- Enc. tela granate _z. - Donat. Centro de estudios Benaventanos "Ledo del Pozo" |
||
| 999 |
_c184013 _d184013 |
||